Vampire Diaries: The Original Vampires - Statistics

General Stats
  • This quiz has been taken 149 times
  • The average score is 5 of 6
Answer Stats
Original % Correct
Klaus
99%
Elijah
98%
Rebekah
98%
Kol
94%
Finn
83%
Mikael
59%
No matching quizzes found
Score Distribution
Percent of People with Each Score
Percentile by Number Answered
Your Score History
You have not taken this quiz